00231nam a2200097Ia 4500008004100000041001200041100001600053245005100069260000600120650000700126221030s9999 xx 000 0 und d aEnglish aA. K. Raina 0aFundamentals Of Tourism Systemcby A. K. Raina c0 aMb